[Event "FRA-ch Accession"]
[Site "Nimes"]
[Date "2014.08.20"]
[Round "4"]
[White "Duboue, Peio"]
[Black "Bricard, Emmanuel"]
[Result "1-0"]
[WhiteElo "2272"]
[BlackElo "2457"]
[PlyCount "73"]
[EventDate "2014.08.17"]
[EventType "swiss"]
[EventRounds "11"]
[EventCountry "FRA"]
[SourceTitle "CBM 162 Extra"]
[Source "ChessBase"]
[SourceDate "2014.10.17"]
[SourceVersion "1"]
[SourceVersionDate "2014.10.17"]
[SourceQuality "1"]

1. e4 e5 2. Nf3 Nc6 3. d4 d6 4. dxe5 dxe5 5. Qxd8+ Kxd8 6. Bb5 f6 7. Be3 Be6 8. Nc3 Nge7 9. 0-0-0+ Kc8 10. Na4 Ng6 11. Bxc6 bxc6 12. Bc5 Bg4 13. Rd2 Nf4 14. Ne1 Rb8 15. f3 Bd7 16. Nd3 Rb5 17. Bxf8 Nxd3+ 18. Rxd3 Rxf8 19. a3 Ra5 20. Nc3 f5 21. exf5 Bxf5 22. Re3 g5 23. Ne4 Bxe4 24. Rxe4 Rf4 25. Rhe1 Rxe4 26. Rxe4 h5 27. h4 gxh4 28. Rxh4 e4 29. Rxe4 Rg5 30. g4 Kd7 31. Kd2 a5 32. Ke3 hxg4 33. fxg4 Rg8 34. Kf4 Rf8+ 35. Kg3 Rg8 36. Re5 Kd6 37. Rxa5 1-0

[Event "FRA-ch Accession"]
[Site "Nimes"]
[Date "2014.08.19"]
[Round "3"]
[White "Bricard, Emmanuel"]
[Black "Buscara, Sevan"]
[Result "1/2-1/2"]
[WhiteElo "2457"]
[BlackElo "2348"]
[PlyCount "59"]
[EventDate "2014.08.17"]
[EventType "swiss"]
[EventRounds "11"]
[EventCountry "FRA"]
[SourceTitle "CBM 162 Extra"]
[Source "ChessBase"]
[SourceDate "2014.10.17"]
[SourceVersion "1"]
[SourceVersionDate "2014.10.17"]
[SourceQuality "1"]

1. d4 g6 2. e4 Bg7 3. Nc3 d6 4. Be3 a6 5. a4 Nc6 6. Nf3 Bg4 7. Be2 e5 8. dxe5 Nxe5 9. Nxe5 Bxe2 10. Qxe2 Bxe5 11. 0-0 Qd7 12. Nd5 Ne7 13. Bh6 f5 14. exf5 Nxd5 15. f4 Nxf4 16. Bxf4 0-0-0 17. Bxe5 Rhe8 18. f6 Rxe5 19. Qf2 Kb8 20. b3 Rf8 21. Rae1 Qe6 22. Rxe5 dxe5 23. h3 e4 24. Qe3 Rxf6 25. Rxf6 Qxf6 26. Qxe4 Qd6 27. Qe8+ Ka7 28. Qe3+ Kb8 29. Qe8+ Ka7 30. Qe3+ 1/2-1/2

[Event "FRA-ch Accession"]
[Site "Pau"]
[Date "2012.08.24"]
[Round "10"]
[White "Bricard, Emmanuel"]
[Black "Di Nicolantonio, Lucas"]
[Result "1-0"]
[WhiteElo "2489"]
[BlackElo "2321"]
[PlyCount "55"]
[EventDate "2012.08.14"]
[EventType "swiss"]
[EventRounds "11"]
[EventCountry "FRA"]
[SourceTitle "CBM 150 Extra"]
[Source "ChessBase"]
[SourceDate "2012.10.19"]
[SourceVersion "1"]
[SourceVersionDate "2012.10.19"]
[SourceQuality "1"]

1. e4 c5 2. d3 Nc6 3. g3 g6 4. Bg2 Bg7 5. f4 d6 6. Nf3 e5 7. Nc3 Nge7 8. 0-0 0-0 9. Be3 Nd4 10. Qd2 Rb8 11. a3 Bg4 12. Nh4 exf4 13. Bxf4 Qd7 14. Rf2 b5 15. Bh6 a5 16. Bxg7 Kxg7 17. b4 axb4 18. axb4 cxb4 19. Nd5 Nxd5 20. exd5 Ra8 21. Rxa8 Rxa8 22. h3 Ne2+ 23. Kh2 Qa7 24. Rf1 Qd4 25. hxg4 Qxg4 26. Qe3 Re8 27. Qf2 Qd7 28. Re1 1-0

[Event "FRA-ch Accession"]
[Site "Pau"]
[Date "2012.08.22"]
[Round "8"]
[White "Favarel, Antoine"]
[Black "Bricard, Emmanuel"]
[Result "1/2-1/2"]
[WhiteElo "2267"]
[BlackElo "2489"]
[PlyCount "64"]
[EventDate "2012.08.14"]
[EventType "swiss"]
[EventRounds "11"]
[EventCountry "FRA"]
[SourceTitle "CBM 150 Extra"]
[Source "ChessBase"]
[SourceDate "2012.10.19"]
[SourceVersion "1"]
[SourceVersionDate "2012.10.19"]
[SourceQuality "1"]

1. d4 f5 2. g3 Nf6 3. Bg2 e6 4. Nf3 Be7 5. c4 0-0 6. 0-0 d5 7. Nbd2 c6 8. Ne5 b6 9. Ndf3 Ne4 10. Qc2 Bb7 11. Nd3 Na6 12. Nfe5 Rc8 13. f3 c5 14. cxd5 cxd4 15. Nc6 Bxc6 16. dxc6 Nec5 17. f4 Qd6 18. a3 Nxd3 19. exd3 Nb8 20. Bd2 Nxc6 21. Rac1 Na5 22. Qxc8 Rxc8 23. Rxc8+ Bd8 24. Bxa5 bxa5 25. Rc6 Qe7 26. Re1 Kf7 27. Rexe6 Qxe6 28. Rxe6 Kxe6 29. a4 Be7 30. Bb7 Bb4 31. Bg2 Be7 32. Bb7 Bb4 1/2-1/2

[Event "FRA-chA 86th"]
[Site "Caen"]
[Date "2011.08.24"]
[Round "10"]
[White "Vachier Lagrave, Maxime"]
[Black "Bricard, Emmanuel"]
[Result "1-0"]
[WhiteElo "2722"]
[BlackElo "2502"]
[PlyCount "155"]
[EventDate "2011.08.14"]
[EventType "tourn"]
[EventRounds "11"]
[EventCountry "FRA"]
[EventCategory "15"]
[SourceTitle "CBM 144"]
[Source "ChessBase"]
[SourceDate "2011.09.16"]
[SourceVersion "1"]
[SourceVersionDate "2011.09.16"]
[SourceQuality "1"]

1. e4 Nc6 2. Nf3 d6 3. Nc3 g6 4. d4 Bg7 5. d5 Nb8 6. Bc4 Bg4 7. h3 Bxf3 8. Qxf3 Nf6 9. Bf4 0-0 10. 0-0 c6 11. Rad1 Nbd7 12. Qe2 Qa5 13. Rfe1 Rac8 14. Bb3 Rfe8 15. dxc6 bxc6 16. Bd2 Qc7 17. Be3 Nb6 18. a4 a5 19. f4 e6 20. Qf2 Nfd7 21. f5 exf5 22. exf5 d5 23. Rf1 gxf5 24. Kh1 Rb8 25. Bf4 Be5 26. Bc1 Qd6 27. Rd3 Nc5 28. Rf3 Nxb3 29. cxb3 Nd7 30. Ne2 Kh8 31. Rxf5 f6 32. Rh5 Rxb3 33. Nd4 Bxd4 34. Qc2 Qe7 35. Qxb3 Qe2 36. Qd1 Nc5 37. Rh4 Qxd1 38. Rxd1 Be5 39. Bf4 Bxb2 40. Bc7 Ne4 41. Rb1 Bc3 42. Rb6 c5 43. Bf4 Re7 44. Rb8+ Kg7 45. Rd8 d4 46. Kh2 Ng5 47. Bd6 Re4 48. Rh5 c4 49. g4 d3 50. Rd7+ Kg8 51. h4 Re2+ 52. Kg3 Ne4+ 53. Kf3 Nxd6 54. Rxd6 Re7 55. Rc5 Bb4 56. Rd8+ Kf7 57. Rxc4 d2 58. Re4 Rc7 59. h5 Rc1 60. Rd7+ Kf8 61. Red4 h6 62. Ke4 Rf1 63. Rxd2 Bxd2 64. Rxd2 Ra1 65. Rd4 Kf7 66. Kd5 Rf1 67. Kc6 f5 68. gxf5 Rxf5 69. Rd5 Rf4 70. Rxa5 Rh4 71. Ra7+ Kf6 72. a5 Rxh5 73. a6 Ra5 74. Kb6 Ra1 75. Rc7 h5 76. Rc5 Kg6 77. a7 h4 78. Ra5 1-0

[Event "FRA-chT Top 16 Gp Haute"]
[Site "Guingamp"]
[Date "2010.06.06"]
[Round "11.6"]
[White "Gosset, Arnaud"]
[Black "Bricard, Emmanuel"]
[Result "0-1"]
[WhiteElo "2217"]
[BlackElo "2485"]
[PlyCount "68"]
[EventDate "2010.06.03"]
[EventType "team-tourn"]
[EventRounds "11"]
[EventCountry "FRA"]
[SourceTitle "EXT 2011"]
[Source "ChessBase"]
[SourceDate "2010.11.26"]
[SourceVersion "1"]
[SourceVersionDate "2010.11.26"]
[SourceQuality "1"]
[WhiteTeam "Noyon"]
[BlackTeam "Mulhouse Philidor"]
[WhiteTeamCountry "FRA"]
[BlackTeamCountry "FRA"]

1. Nf3 f5 2. d4 e6 3. c4 Nf6 4. Nc3 Be7 5. g3 0-0 6. Bg2 d5 7. Bf4 c6 8. 0-0 Nbd7 9. Qb3 Nh5 10. Rad1 Nxf4 11. gxf4 Kh8 12. Ne5 Bd6 13. cxd5 exd5 14. Nb1 Nf6 15. Rd3 Nh5 16. e3 Qe7 17. Qd1 Nf6 18. Nd2 Be6 19. Qf3 Rg8 20. h4 g6 21. Qh3 Rg7 22. Rc1 Rag8 23. Nb3 h6 24. Kf1 Rh7 25. h5 Nxh5 26. Nxg6+ Rxg6 27. Qxh5 Rhg7 28. Bh3 Bxf4 29. Ke2 Bg5 30. Nc5 Bc8 31. Ra3 f4 32. Rg1 fxe3 33. fxe3 b6 34. Rxg5 Qxg5 0-1

[Event "FRA-chT Top 16 Gp Haute"]
[Site "Guingamp"]
[Date "2010.06.04"]
[Round "9.6"]
[White "Chabanon, Jean Luc"]
[Black "Bricard, Emmanuel"]
[Result "0-1"]
[WhiteElo "2460"]
[BlackElo "2485"]
[PlyCount "110"]
[EventDate "2010.06.03"]
[EventType "team-tourn"]
[EventRounds "11"]
[EventCountry "FRA"]
[SourceTitle "EXT 2011"]
[Source "ChessBase"]
[SourceDate "2010.11.26"]
[SourceVersion "1"]
[SourceVersionDate "2010.11.26"]
[SourceQuality "1"]
[WhiteTeam "Evry Grand Roque"]
[BlackTeam "Mulhouse Philidor"]
[WhiteTeamCountry "FRA"]
[BlackTeamCountry "FRA"]

1. d4 e6 2. c4 f5 3. g3 Nf6 4. Bg2 c6 5. Qc2 d5 6. Nh3 Bd6 7. 0-0 0-0 8. Rd1 b6 9. f3 Qe7 10. Nf2 c5 11. cxd5 exd5 12. Nc3 Nc6 13. Nb5 Nxd4 14. Nxd4 cxd4 15. b3 f4 16. Bxf4 Bxf4 17. gxf4 Nh5 18. Rxd4 Nxf4 19. Bf1 Ba6 20. e3 Qxe3 21. Rxf4 Rxf4 22. Bxa6 Rxf3 23. Bb7 Qg5+ 24. Kh1 Raf8 25. Rg1 Qh5 26. Ng4 Rf1 27. Qg2 Rxg1+ 28. Kxg1 d4 29. Qd5+ Qxd5 30. Bxd5+ Kh8 31. Nf2 g5 32. Bc4 Kg7 33. Kf1 h5 34. Ke2 g4 35. Ne4 Rf3 36. Nf2 Kf6 37. Bd5 Re3+ 38. Kd2 Kg5 39. Bg2 Kh4 40. Nd3 Kg5 41. Nf2 h4 42. Ne4+ Kf5 43. Nd6+ Kf4 44. Nb5 h3 45. Bh1 Re4 46. Nxa7 d3 47. Kxd3 Re1 48. Ba8 Ra1 49. a4 Ra2 50. Nc8 Rxh2 51. Nxb6 g3 52. Nd5+ Ke5 53. Nc3 g2 54. Ne2 Rh1 55. a5 Re1 0-1

[Event "FRA-chB 84th"]
[Site "Nimes"]
[Date "2009.08.20"]
[Round "10"]
[White "Terrieux, Kevin"]
[Black "Bricard, Emmanuel"]
[Result "1/2-1/2"]
[WhiteElo "2442"]
[BlackElo "2469"]
[PlyCount "76"]
[EventDate "2009.08.10"]
[EventType "tourn"]
[EventRounds "11"]
[EventCountry "FRA"]
[EventCategory "9"]
[SourceTitle "CBM 131 Extra"]
[Source "ChessBase"]
[SourceDate "2009.09.03"]
[SourceVersion "2"]
[SourceVersionDate "2009.09.16"]
[SourceQuality "1"]

1. d4 e6 2. c4 f5 3. g3 Nf6 4. Bg2 c6 5. Nh3 d6 6. 0-0 Be7 7. b3 0-0 8. Bb2 Na6 9. Nd2 Qe8 10. Nf4 g5 11. Nd3 Qg6 12. Re1 Ne4 13. f3 Nxd2 14. Qxd2 Bd7 15. e4 fxe4 16. fxe4 Rad8 17. Qc3 Qg7 18. Qa5 Be8 19. b4 Bf6 20. e5 dxe5 21. Nxe5 Qc7 22. Qxc7 Nxc7 23. a4 a6 24. a5 h6 25. Rad1 Bh5 26. Rd3 Bxe5 27. Rxe5 Bg6 28. Rde3 Rf5 29. Rxf5 Bxf5 30. Kf2 Kf7 31. h3 g4 32. h4 h5 33. Ke2 Rd7 34. Kd2 Ne8 35. Kc3 Nd6 36. Bc1 Bg6 37. Bh1 Nf5 38. Rd3 e5 1/2-1/2

[Event "FRA-chB 84th"]
[Site "Nimes"]
[Date "2009.08.19"]
[Round "9"]
[White "Bricard, Emmanuel"]
[Black "Prie, Eric"]
[Result "1-0"]
[WhiteElo "2469"]
[BlackElo "2491"]
[PlyCount "85"]
[EventDate "2009.08.10"]
[EventType "tourn"]
[EventRounds "11"]
[EventCountry "FRA"]
[EventCategory "9"]
[SourceTitle "CBM 131 Extra"]
[Source "ChessBase"]
[SourceDate "2009.09.03"]
[SourceVersion "2"]
[SourceVersionDate "2009.09.16"]
[SourceQuality "1"]

1. c4 e5 2. Nc3 Nf6 3. Nf3 Nc6 4. g3 Nd4 5. Bg2 Nxf3+ 6. Bxf3 Bc5 7. 0-0 a6 8. e3 Qe7 9. d4 Ba7 10. dxe5 Qxe5 11. e4 d6 12. Bf4 Qe7 13. Bg5 Qe5 14. Bf4 Qe7 15. Qa4+ Bd7 16. Qb3 0-0 17. Qxb7 Be6 18. e5 dxe5 19. Bxe5 Bxc4 20. Qxc7 Qxc7 21. Bxc7 Bxf1 22. Bxa8 Rxa8 23. Rxf1 Rc8 24. Bf4 h6 25. Re1 Ng4 26. Re2 g5 27. Bd2 Rd8 28. Be1 Rd3 29. Kg2 Bd4 30. Na4 f5 31. h3 Ne5 32. Bc3 f4 33. Rxe5 f3+ 34. Kg1 Bxe5 35. Bxe5 Rd1+ 36. Kh2 Rd2 37. g4 Rxf2+ 38. Kg3 Re2 39. Bc3 f2 40. Kg2 Re4 41. Nc5 Rf4 42. Kf1 Kf7 43. Nd3 1-0

[Event "FRA-chB 84th"]
[Site "Nimes"]
[Date "2009.08.15"]
[Round "6"]
[White "Bricard, Emmanuel"]
[Black "Bujisho, Benjamin"]
[Result "1/2-1/2"]
[WhiteElo "2469"]
[BlackElo "2404"]
[PlyCount "125"]
[EventDate "2009.08.10"]
[EventType "tourn"]
[EventRounds "11"]
[EventCountry "FRA"]
[EventCategory "9"]
[SourceTitle "CBM 131 Extra"]
[Source "ChessBase"]
[SourceDate "2009.09.03"]
[SourceVersion "2"]
[SourceVersionDate "2009.09.16"]
[SourceQuality "1"]

1. g3 d5 2. Bg2 c6 3. Nf3 Bg4 4. d3 Nd7 5. h3 Bh5 6. 0-0 e6 7. Qe1 Bd6 8. e4 Bxf3 9. Bxf3 Ngf6 10. Bg2 0-0 11. f4 Ne8 12. Nd2 Nc7 13. Nf3 f5 14. e5 Be7 15. g4 g6 16. Kh1 h6 17. Bd2 Kh7 18. Qe2 Qe8 19. b4 Qf7 20. a4 Rg8 21. Rab1 a6 22. Nd4 Rab8 23. Bf3 Kh8 24. Rg1 Rbf8 25. Rg2 Rg7 26. c3 Rfg8 27. Rbg1 Bd8 28. Nb3 Ne8 29. gxf5 gxf5 30. Rxg7 Rxg7 31. Rxg7 Nxg7 32. c4 Bh4 33. c5 Nf8 34. d4 Ng6 35. Kh2 Bd8 36. b5 axb5 37. axb5 Nh4 38. b6 Nxf3+ 39. Qxf3 Bh4 40. Na5 Kh7 41. Kg1 Kg6 42. Kf1 Nh5 43. Be1 Bxe1 44. Kxe1 Qe7 45. Qg2+ Kh7 46. Qf2 Qg7 47. Kd1 Qd7 48. Kc2 Qc8 49. Kb3 Qa8 50. Nxb7 Qa6 51. Nd6 Qd3+ 52. Kb2 Ng3 53. b7 Ne4 54. Qc2 Qxd4+ 55. Ka2 Qb4 56. Nxe4 fxe4 57. Qb3 Qa5+ 58. Kb1 Qe1+ 59. Kc2 Qe2+ 60. Kc3 Qd3+ 61. Kb4 Qb5+ 62. Ka3 Qa5+ 63. Kb2 1/2-1/2

[Event "FRA-chT2 South 0809"]
[Site "France"]
[Date "2009.03.15"]
[Round "9.1"]
[White "Abello, Sebastien"]
[Black "Bricard, Emmanuel"]
[Result "1/2-1/2"]
[WhiteElo "2285"]
[BlackElo "2468"]
[PlyCount "73"]
[EventDate "2008.10.12"]
[EventType "team-tourn"]
[EventRounds "11"]
[EventCountry "FRA"]
[SourceTitle "EXT 2010"]
[Source "ChessBase"]
[SourceDate "2010.11.25"]
[SourceVersion "1"]
[SourceVersionDate "2010.11.25"]
[SourceQuality "1"]
[WhiteTeam "Vitrolles"]
[BlackTeam "Montpellier Diagonale"]
[WhiteTeamCountry "FRA"]
[BlackTeamCountry "FRA"]

1. d4 e6 2. c4 Bb4+ 3. Bd2 Qe7 4. g3 Bxd2+ 5. Nxd2 d6 6. e4 e5 7. Ne2 exd4 8. Nxd4 c5 9. Nb5 Nf6 10. Bg2 0-0 11. 0-0 Nc6 12. Re1 Bg4 13. f3 Be6 14. b3 Rab8 15. Nc3 a6 16. Nd5 Qd8 17. f4 Re8 18. h3 Nd4 19. Nxf6+ Qxf6 20. Nf3 Nxf3+ 21. Qxf3 b5 22. cxb5 axb5 23. Rad1 Qe7 24. e5 dxe5 25. Rxe5 g6 26. Qe3 c4 27. Bd5 Rbd8 28. bxc4 bxc4 29. Re1 Rd6 30. Bxc4 Qc7 31. Bxe6 Rexe6 32. Rxe6 Rxe6 33. Qf2 Rd6 34. Qe3 Re6 35. Qf2 Rd6 36. Qe3 Re6 37. Qf2 1/2-1/2

[Event "FRA-chT2 South 0809"]
[Site "France"]
[Date "2009.01.18"]
[Round "6.1"]
[White "Gachon, Lionel"]
[Black "Bricard, Emmanuel"]
[Result "0-1"]
[WhiteElo "2298"]
[BlackElo "2468"]
[PlyCount "76"]
[EventDate "2008.10.12"]
[EventType "team-tourn"]
[EventRounds "11"]
[EventCountry "FRA"]
[SourceTitle "EXT 2010"]
[Source "ChessBase"]
[SourceDate "2010.11.25"]
[SourceVersion "1"]
[SourceVersionDate "2010.11.25"]
[SourceQuality "1"]
[WhiteTeam "Ramonville"]
[BlackTeam "Montpellier Diagonale"]
[WhiteTeamCountry "FRA"]
[BlackTeamCountry "FRA"]

1. Nf3 f5 2. g3 Nf6 3. Bg2 g6 4. c4 Bg7 5. 0-0 0-0 6. Nc3 d6 7. d3 Nc6 8. Rb1 Nh5 9. Bd2 a5 10. a3 f4 11. b4 axb4 12. axb4 Bg4 13. Nd5 e5 14. b5 Ne7 15. Ng5 h6 16. b6 c6 17. Nxe7+ Qxe7 18. Ne4 Nf6 19. Nxf6+ Qxf6 20. h3 Bd7 21. Ra1 Rab8 22. Ra7 g5 23. g4 h5 24. Bf3 Qd8 25. Ba5 hxg4 26. hxg4 Be6 27. Kg2 Qd7 28. e4 fxe3 29. fxe3 e4 30. Bxe4 Bxg4 31. Rxf8+ Rxf8 32. Qh1 Bf5 33. Kg1 Bxe4 34. Qxe4 Qh3 35. Qg2 Qxe3+ 36. Kh1 Qc1+ 37. Kh2 Be5+ 38. Kh3 Qe3+ 0-1

[Event "Montpellier op La Diagonale 3rd"]
[Site "Montpellier"]
[Date "2008.12.26"]
[Round "1"]
[White "Bricard, Emmanuel"]
[Black "Calvi, Denis"]
[Result "1-0"]
[WhiteElo "2464"]
[BlackElo "1734"]
[PlyCount "29"]
[EventDate "2008.12.27"]
[EventType "swiss"]
[EventRounds "9"]
[EventCountry "FRA"]
[SourceTitle "EXT 2010"]
[Source "ChessBase"]
[SourceDate "2010.11.25"]
[SourceVersion "1"]
[SourceVersionDate "2010.11.25"]
[SourceQuality "1"]

1. d4 d5 2. c4 e6 3. Nc3 c6 4. e3 Bd6 5. Nf3 f5 6. Bd3 Nf6 7. Qc2 Ne4 8. 0-0 0-0 9. b3 Qf6 10. a4 Re8 11. Ba3 Bf8 12. Ne5 Nd7 13. f4 Nxe5 14. fxe5 Bxa3 15. exf6 1-0

[Event "FRA-chB 83rd"]
[Site "Pau"]
[Date "2008.08.15"]
[Round "5"]
[White "Cossin, Sebastien"]
[Black "Bricard, Emmanuel"]
[Result "1/2-1/2"]
[WhiteElo "2466"]
[BlackElo "2453"]
[PlyCount "42"]
[EventDate "2008.08.11"]
[EventType "tourn"]
[EventRounds "11"]
[EventCountry "FRA"]
[EventCategory "9"]
[SourceTitle "CBM 125 Extra"]
[Source "ChessBase"]
[SourceDate "2008.09.01"]
[SourceVersion "1"]
[SourceVersionDate "2008.09.01"]
[SourceQuality "1"]

1. d4 d5 2. c4 e6 3. Nf3 Nf6 4. Nc3 Nbd7 5. cxd5 exd5 6. Bg5 Be7 7. e3 c6 8. Qc2 Nh5 9. h4 h6 10. Bxe7 Qxe7 11. 0-0-0 Nb6 12. Ne5 Nf6 13. Kb1 Be6 14. Bd3 Nfd7 15. Nxd7 Qxd7 16. Ne2 0-0-0 17. Nc1 Qd6 18. Nb3 Nd7 19. Rc1 Kb8 20. Qe2 Rc8 21. Qf3 b6 1/2-1/2

[Event "FRA-chT Top 16 GpA"]
[Site "France"]
[Date "2008.04.12"]
[Round "6"]
[White "Bricard, Emmanuel"]
[Black "Edouard, Romain"]
[Result "0-1"]
[WhiteElo "2490"]
[BlackElo "2507"]
[PlyCount "86"]
[EventDate "2008.03.22"]
[EventType "team"]
[EventRounds "7"]
[EventCountry "FRA"]
[SourceTitle "CBM 123 Extra"]
[Source "ChessBase"]
[SourceDate "2008.05.06"]
[SourceVersion "1"]
[SourceVersionDate "2008.05.06"]
[SourceQuality "1"]

1. d4 Nf6 2. c4 c5 3. d5 e6 4. Nc3 exd5 5. cxd5 d6 6. e4 g6 7. Nge2 Bg7 8. Ng3 0-0 9. Be2 Na6 10. 0-0 Nc7 11. a4 Nd7 12. Bf4 Ne5 13. Qd2 h5 14. Bh6 h4 15. Nh1 f5 16. Bxg7 Kxg7 17. f4 Nf7 18. Nf2 Qf6 19. Rab1 b6 20. b4 Na6 21. Bxa6 Bxa6 22. Rfe1 Rfe8 23. b5 Bc8 24. Re2 Bd7 25. Rbe1 Qd4 26. Qb2 Kg8 27. Kh1 Rad8 28. Re3 Re7 29. Qe2 Rde8 30. Qf3 fxe4 31. Rxe4 Rxe4 32. Rxe4 Rxe4 33. Nfxe4 Bf5 34. h3 Bxe4 35. Nxe4 Qxa4 36. Qd3 Kf8 37. g4 hxg3 38. Kg2 c4 39. Qd4 Qxb5 40. Ng5 c3 41. Nh7+ Ke8 42. Nf6+ Ke7 43. Qxc3 Qc5 0-1